00466nam a2200157Ia 4500008004100000020001800041041000800059082001700067100001200084245007100096260005200167300000900219500002900228650002400257700002700281230125s9999 xx 000 0 und d a81-7366-396-6 aeng a005.754bKOB aKobes R aProfessional PERL development : web server & client programming... c2001bShroff publisher and distributorsaMumbai a725p aWeb development;PERL;web aComputer Management aKobes R & Wainwright P